[Event "Vojvodina-chT 2nd League"]
[Site "Novi Sad"]
[Date "2018.11.10"]
[Round "2.5"]
[White "Subotic, Srbislav"]
[Black "Stikovic, Dobrica"]
[Result "0-1"]
[WhiteElo "2126"]
[BlackElo "2169"]
[PlyCount "40"]
[EventDate "2018.11.09"]
[EventType "team-tourn"]
[EventRounds "11"]
[EventCountry "SRB"]
[SourceTitle "CBM 187 Extra"]
[Source "ChessBase"]
[SourceDate "2018.11.04"]
[SourceVersion "1"]
[SourceVersionDate "2018.11.04"]
[SourceQuality "1"]
[WhiteTeam "Nova Pazova Mladost"]
[BlackTeam "Novi Sad Vojvodina"]
[WhiteTeamCountry "SRB"]
[BlackTeamCountry "SRB"]

1. e4 e6 2. d4 d5 3. Nd2 Nc6 4. Ne2 dxe4 5. Nxe4 Nf6 6. Nxf6+ Qxf6 7. Be3 Bb4+ 8. c3 Bd6 9. Qd2 0-0 10. Ng3 e5 11. d5 Ne7 12. Bd3 Nf5 13. Bg5 Qg6 14. 0-0-0 h6 15. Be3 Qf6 16. Nxf5 Bxf5 17. Bxf5 Qxf5 18. g4 Qe4 19. h4 b5 20. b3 Ba3+ 0-1

[Event "Nova Pazova-ch"]
[Site "Nova Pazova"]
[Date "2014.02.14"]
[Round "1"]
[White "Subotic, Srbislav"]
[Black "Trajkovic, Nenad"]
[Result "1-0"]
[WhiteElo "2174"]
[BlackElo "1613"]
[PlyCount "48"]
[EventDate "2014.02.14"]
[EventType "swiss"]
[EventRounds "9"]
[EventCountry "SRB"]
[SourceTitle "CBM 159 Extra"]
[Source "ChessBase"]
[SourceDate "2014.04.24"]
[SourceVersion "1"]
[SourceVersionDate "2014.04.24"]
[SourceQuality "1"]

1. e4 e5 2. Nf3 Nc6 3. d4 exd4 4. Nxd4 Bc5 5. Be3 Qf6 6. c3 Nge7 7. Bc4 Ne5 8. Be2 0-0 9. 0-0 d6 10. Nd2 Qg6 11. Bh5 Qf6 12. f4 Nd3 13. Qc2 Bxd4 14. cxd4 Qh4 15. Be2 Nb4 16. Qc3 a5 17. a3 Nbc6 18. d5 Bd7 19. dxc6 Nxc6 20. g3 Qh3 21. b4 Rfc8 22. b5 Ne7 23. f5 c5 24. Bc4 b6 1-0